000 00549nam a22001817a 4500
005 20251108164330.0
008 250721s1994 xx 000 0 ara d
082 1 4 _a390.09565/خري
100 1 _aخريسات، صالح
245 1 0 _aالحماة و الكنة :
_bصورة شعبية /
264 1 _aعمان :
_bدار آفاق للنشر و التوزيع،
_c1994.
300 _a128ص.
650 1 7 _aالعادات و التقاليد
650 1 7 _aالأدب الشعبي
650 1 7 _aالأردن
942 _2ddc
_cBK
999 _c9550
_d9550